=LDR 00000nam 2200000 4500 =001 INLIS000000000018345 =005 20130612113524 =008 ***********************************Ind** =035 ##$$0010-061300000018345 =041 ##$$a Ind =082 ##$$a 028.55 =090 ##$$a 028.55, Ham d =100 ##$$a Humprey, Paul =245 ##$$a Di dalam hutan lebat, Paul Humphrey ; alih bahasa, Esther S =260 ##$$a 1997 $b Jakarta =300 ##$$a 31 hlm, ilus, 19 cm =650 ##$$a Bacaan anak-anak =850 ##$$a NBPNMAT